000 00468nam a2200181Ia 4500
001 11446
005 20260306162828.0
008 260306t1991||||xx |||||||||||||| ||spa||
041 _aESP
082 _a985.052
_bS52A
100 _aSanta Cruz Schuhkrafft, Andrés de
_eAUT
245 0 _aArchivo histórico del Mariscal Andrés de Santa-Cruz
260 _c1991
300 _a339 páginas :
_c24 cm.
650 _aGEN
654 _aCHU
942 _cLIB
_dJUS
_fJUS
_2ddc
_n
999 _c11446
_d11446